Idea de la universidad en America Latina : (Record no. 211568)
[ view plain ]
| 000 -CABECERA | |
|---|---|
| campo de control de longitud fija | 00682cam a22002057a 4500 |
| 003 - IDENTIFICADOR DEL NÚMERO DE CONTROL | |
| campo de control | MX-MxUPN |
| 005 - FECHA Y HORA DE LA ÚLTIMA TRANSACCIÓN | |
| campo de control | 20240910165719.0 |
| 008 - ELEMENTOS DE LONGITUD FIJA--INFORMACIÓN GENERAL | |
| campo de control de longitud fija | 240816s1963 ag| |||| |||| 000 0 spa d |
| 040 ## - FUENTE DE LA CATALOGACIÓN | |
| Centro catalogador/agencia de origen | MX-MxUPN |
| Lengua de catalogación | spa |
| 041 0# - CÓDIGO DE IDIOMA | |
| Código de lengua del texto/banda sonora o título independiente | spa |
| 050 #4 - SIGNATURA TOPOGRÁFICA DE LA BIBLIOTECA DEL CONGRESO | |
| Número de clasificación | LB2328.15 A44 |
| Número de documento/Ítem | M36 1963 |
| 100 1# - ASIENTO PRINCIPAL--NOMBRE PERSONAL | |
| 9 (RLIN) | 29117 |
| Nombre de persona | Mantovani, Juan, |
| Fechas asociadas al nombre | 1898-1961 |
| 245 1# - MENCIÓN DE TÍTULO | |
| Título | Idea de la universidad en America Latina : |
| Resto del título | (selección) |
| 260 ## - PUBLICACIÓN, DISTRIBUCIÓN, ETC. | |
| Lugar de publicación, distribución, etc. | Bahia Blanca, Argentina : |
| Nombre del editor, distribuidor, etc. | Universidad Nacional del Sur, |
| Fecha de publicación, distribución, etc. | [1963?] |
| 300 ## - DESCRIPCIÓN FÍSICA | |
| Extensión | 39 páginas |
| 490 0# - MENCIÓN DE SERIE | |
| Mención de serie | Homenajes |
| 650 #4 - ASIENTO SECUNDARIO DE MATERIA - TERMINO TEMATICO | |
| 9 (RLIN) | 53517 |
| Término de materia o nombre geográfico como elemento de entrada | Universidades y colegios |
| Subdivisión general | Fines y objetivos |
| Subdivisión geográfica | América Latina |
| 902 ## - ELEMENTOS DE DATOS B LOCAL, LDB (RLIN) | |
| Creó | MarielOrtiz/160824 |
| Modificó | VíctorGodínez/100924 |
| 942 ## - ELEMENTOS DE PUNTO DE ACCESO ADICIONAL (KOHA) | |
| Fuente del sistema de clasificación o colocación | Library of Congress Classification |
| Tipo de ítem Koha | Folleto |
| Estado de retiro | Estado de pérdida | Fuente del sistema de clasificación o colocación | Estado dañado | No para préstamo | Código de colección | Localización permanente | Ubicación/localización actual | Ubicación en estantería | Fecha de adquisición | Clasificación | Código de barras | Fecha visto por última vez | Precio válido a partir de | Tipo de ítem Koha |
|---|---|---|---|---|---|---|---|---|---|---|---|---|---|---|
| Library of Congress Classification | Disponible (Préstamo en sala) | Folletería | Bib. Gregorio Torres Quintero | Bib. Gregorio Torres Quintero | Colecciones especiales Planta alta | 16/08/2024 | LB2328.15 A44 M36 1963 | 5735f | 16/08/2024 | 16/08/2024 | Folleto |
